UK construction prospects 2001 (Record no. 88892)
[ view plain ]
| 000 -LEADER | |
|---|---|
| fixed length control field | 01167cam a2200265 4500 |
| 008 - FIXED-LENGTH DATA ELEMENTS--GENERAL INFORMATION | |
| fixed length control field | 090401t1990 xxu||||| |||| 00| 0 eng d |
| 020 ## - INTERNATIONAL STANDARD BOOK NUMBER | |
| International Standard Book Number | 0704905310 |
| 035 ## - SYSTEM CONTROL NUMBER | |
| System control number | (Sirsi) u26158 |
| 041 ## - LANGUAGE CODE | |
| Language code of text/sound track or separate title | eng |
| 050 ## - LIBRARY OF CONGRESS CALL NUMBER | |
| Classification number | 338.4369 |
| -- | 18 |
| 110 ## - MAIN ENTRY--CORPORATE NAME | |
| Corporate name or jurisdiction name as entry element | University of Reading |
| Subordinate unit | Centre for Strategic Studies in Construction |
| 9 (RLIN) | 86 |
| 245 ## - TITLE STATEMENT | |
| Title | UK construction prospects 2001 |
| 260 ## - PUBLICATION, DISTRIBUTION, ETC. | |
| Place of publication, distribution, etc. | Reading |
| Name of publisher, distributor, etc. | Centre for Strategic Studies in Construction |
| Date of publication, distribution, etc. | 1990 |
| 300 ## - PHYSICAL DESCRIPTION | |
| Extent | vi, 30p. |
| Other physical details | ill. |
| Dimensions | 30cm. |
| 350 ## - PRICE (NR) (BK AM CF MU VM SE) [OBSOLETE] | |
| Price | 75 |
| 505 ## - FORMATTED CONTENTS NOTE | |
| Formatted contents note | Macroeconomic forecasts: the short term; the long term |
| 505 ## - FORMATTED CONTENTS NOTE | |
| Formatted contents note | Construction forecasts: new public housing; new private housing; new public non-housing; new private industrial; new private commercial; repairs and maintenance |
| 505 ## - FORMATTED CONTENTS NOTE | |
| Formatted contents note | Regional prospects: South East; East Anglia; West Midlands; East Midlands; Yorkshire and Humberside; North; North west; Wales; Scotland; Northern Ireland |
| 505 ## - FORMATTED CONTENTS NOTE | |
| Formatted contents note | Tables of construction output 1985-2001 |
| 505 ## - FORMATTED CONTENTS NOTE | |
| Formatted contents note | Tables of GDFCF in building and works by industry |
| 690 ## - LOCAL SUBJECT ADDED ENTRY--TOPICAL TERM (OCLC, RLIN) | |
| Topical term or geographic name as entry element | BUILT ENVIRONMENT-CONSTRUCTION MARKET |
| 710 ## - ADDED ENTRY--CORPORATE NAME | |
| Corporate name or jurisdiction name as entry element | Cambridge Econometrics |
| 9 (RLIN) | 2154 |
| 942 ## - ADDED ENTRY ELEMENTS (KOHA) | |
| Suppress in OPAC | 0 |
| 948 ## - LOCAL PROCESSING INFORMATION (OCLC); SERIES PART DESIGNATOR (RLIN) | |
| c (OCLC) | 04/03/1997 |
| Withdrawn status | Lost status | Source of classification or shelving scheme | Damaged status | Not for loan | Home library | Current library | Shelving location | Date acquired | Cost, normal purchase price | Total Checkouts | Full call number | Barcode | Date last seen | Copy number | Cost, replacement price | Price effective from | Koha item type |
|---|---|---|---|---|---|---|---|---|---|---|---|---|---|---|---|---|---|
| Dewey Decimal Classification | London | London | Basement | 18/11/1991 | 75.00 | SHELF 202 | 30024730 | 06/08/2019 | 1 | 75.00 | 06/08/2019 | Book |